Assaillant de Rainbow Six Siege - Mort Subite - Statistiques

Statistiques générales
  • Ce quiz a été pris 186 fois
  • Le résultat moyen est 26 sur 38
Answers on the Grid
Answers color-coded by a green-red scale on the quiz's grid according to % correct below.
Ace
Alibi
Amaru
Aruni
Ash
Azami
Bandit
Blackbeard
Blitz
Brava
Buck
Capitao
Castle
Caveira
Clash
Deimos
Doc
Dokkaebi
Echo
Ela
Fenrir
Finka
Flores
Frost
Fuze
Glaz
Goyo
Gridlock
Grim
Hibana
Iana
IQ
Jackal
Jäger
Kaid
Kali
Kapkan
Lesion
Lion
Maestro
Maverick
Melusi
Mira
Montagne
Mozzie
Mute
Nøkk
Nomad
Oryx
Osa
Pulse
Ram
Rauora
Rook
Sens
Sentry
Skopós
Sledge
Smoke
Solis
Striker
Tachanka
Thatcher
Thermite
Thorn
Thunderbird
Tubarão
Twitch
Valkyrie
Vigil
Wamai
Warden
Ying
Zero
Zofia
 
Statistiques - réponses
Réponse % Correct
Buck
75%
Dokkaebi
75%
IQ
75%
Ying
75%
Hibana
74%
Ace
73%
Twitch
73%
Ash
72%
Montagne
72%
Capitao
71%
Iana
71%
Maverick
71%
Ram
71%
Zofia
71%
Blackbeard
70%
Fuze
70%
Gridlock
70%
Thermite
70%
Blitz
69%
Nomad
69%
Jackal
68%
Nøkk
68%
Thatcher
68%
Amaru
67%
Flores
67%
Glaz
67%
Kali
67%
Lion
67%
Osa
67%
Deimos
66%
Finka
66%
Zero
65%
Sledge
64%
Grim
63%
Sens
61%
Brava
60%
Rauora
60%
Striker
59%
Aucun quiz correspondant
Distribution des résultats
% des personnes avec chaque résultat
Percentile par nombre de réponses
Votre historique - résultats
Vous n’avez pas pris ce quiz